| 000 | 00811nam a2200193Ia 4500 | ||
|---|---|---|---|
| 003 | GCL | ||
| 008 | 140319s9999 xx 000 0 ara d | ||
| 040 |
_aGCL / _cGCL |
||
| 082 | 0 | 4 |
_a956.7 _bع م |
| 100 | 1 | _aنادية محمود مصطفى | |
| 245 | 1 | 0 |
_aمصر والامة : ماذا بعد العدوان على العراق : _bالدلالات - التداعيات - الضرورات / _cنادية محمود مصطفى |
| 700 | 1 | _aعمرو دراج | |
| 260 |
_aالقاهرة : _bمركز البحوث والدراسات السياسية ، _c2003 |
||
| 300 |
_a255 ص ؛ _c28 سم |
||
| 650 | 0 | 4 | _aالندوات |
| 650 | 0 | 4 | _aالاعتداء الامريكى على العراق |
| 650 | 0 | 4 | _aالاعتداء الامريكى على العراق - الدور المصرى |
| 942 |
_2ddc _cBK |
||
| 999 |
_c56584 _d56584 |
||